Pays commençant par M - Statistiques

Statistiques générales
  • Ce quiz a été pris 98 fois
  • Le résultat moyen est 12 sur 18
Statistiques - réponses
Réponse % Correct
Mauritanie
86%
Maroc
80%
Madagascar
77%
Mali
71%
Mozambique
70%
Malaisie
68%
Malawi
68%
Moldavie
67%
Monaco
67%
Mexique
66%
Macédoine du nord
64%
Mongolie
62%
Maldives
61%
Malte
61%
Maurice
61%
Montenegro
60%
Micronésie
34%
Marshall
32%
Aucun quiz correspondant
Distribution des résultats
% des personnes avec chaque résultat
Percentile par nombre de réponses
Votre historique - résultats
Vous n’avez pas pris ce quiz